MAßÄNDERUNGEN DES PRESSHOLZES WÄHREND DESSEN STABILISIERUNG

Bibliographic Details
Main Authors: Köszegi, Ladislav (Author), Zemiar, Ján (Author)
Other Authors: Dvořáková, Danica (Translator)
Format: Article
Language:German

MARC

LEADER 00000nab a2200000 a 4500
001 vtls011112465
003 SK-MaSNL
005 20260303150604.0
008 230222|2002 xo |||||||||||||||||ger|
015 |a SNBRB 
035 |a (uuid)db0825d8-9656-4c5f-aae4-160b221b080e 
035 |a (urnnbn)urn:nbn:sk:snk:ar-a08gal 
035 |a urn:nbn:sk:snk-ab9iut 
040 |a SNKBUCL  |b slo  |c SNKBUCL  |e AACR2 
041 0 |a ger 
044 |a xo  |c SK 
100 1 |a Köszegi, Ladislav  |4 aut  |9 13146 
245 1 0 |a MAßÄNDERUNGEN DES PRESSHOLZES WÄHREND DESSEN STABILISIERUNG  |c Ladislav Köszegi, Ján Zemiar, Danica Dvořáková 
246 3 |a ROZMEROVÉ ZMENY LISOVANÉHO DREVA POČAS JEHO STABILIZÁCIE 
700 1 |a Zemiar, Ján  |4 aut  |9 278929 
700 1 |a Dvořáková, Danica  |4 trl  |9 13063 
773 0 |t Acta Facultatis Xylologiae Zvolen Res Publica Slovaca : zborník vedeckých prác Drevárskej fakulty Technickej univerzity vo Zvolene  |g Roč. 44, č. 1 (2002), s. 25-31 
958 |a OND 
958 |a EUIPO 
958 |a article13 
999 |c 2011821  |d 2013751